Solar astrophysics / (Record no. 355934)

000 -LEADER
fixed length control field 01267cam a2200349 i 4500
001 - CONTROL NUMBER
control field 18297624
003 - CONTROL NUMBER IDENTIFIER
control field USPCAS-E
005 - DATE AND TIME OF LATEST TRANSACTION
control field 20180118181418.0
008 - FIXED-LENGTH DATA ELEMENTS--GENERAL INFORMATION
fixed length control field 140910s2013 gw b 001 0 eng
010 ## - LIBRARY OF CONGRESS CONTROL NUMBER
LC control number 2014427829
020 ## - INTERNATIONAL STANDARD BOOK NUMBER
International Standard Book Number 9783527411740 (softcover)
020 ## - INTERNATIONAL STANDARD BOOK NUMBER
International Standard Book Number 3527411747 (softcover)
020 ## - INTERNATIONAL STANDARD BOOK NUMBER
International Standard Book Number 9783527411030
020 ## - INTERNATIONAL STANDARD BOOK NUMBER
International Standard Book Number 3527411038
040 ## - CATALOGING SOURCE
Original cataloging agency DLC
Language of cataloging eng
Transcribing agency DLC
Description conventions rda
Modifying agency DLC
042 ## - AUTHENTICATION CODE
Authentication code pcc
050 00 - LIBRARY OF CONGRESS CALL NUMBER
Classification number QB521
Item number .F68 2013
082 ## - DEWEY DECIMAL CLASSIFICATION NUMBER
Classification number 523.7
Author Mark FOU-S 2013
100 1# - MAIN ENTRY--PERSONAL NAME
Personal name Foukal, Peter,
Relator term author.
245 10 - TITLE STATEMENT
Title Solar astrophysics /
Statement of responsibility, etc. Peter V. Foukal.
250 ## - EDITION STATEMENT
Edition statement 3rd, revised edition.
300 ## - PHYSICAL DESCRIPTION
Extent xv, 472 pages :
Other physical details illustrations ;
Dimensions 25 cm.
490 0# - SERIES STATEMENT
Series statement Physics textbook
502 ## - DISSERTATION NOTE
Dissertation note .
504 ## - BIBLIOGRAPHY, ETC. NOTE
Bibliography, etc. note Includes bibliographical references and index.
856 42 - ELECTRONIC LOCATION AND ACCESS
Materials specified Contributor biographical information
Uniform Resource Identifier <a href="http://www.loc.gov/catdir/enhancements/fy1413/2014427829-b.html">http://www.loc.gov/catdir/enhancements/fy1413/2014427829-b.html</a>
856 42 - ELECTRONIC LOCATION AND ACCESS
Materials specified Publisher description
Uniform Resource Identifier <a href="http://www.loc.gov/catdir/enhancements/fy1413/2014427829-d.html">http://www.loc.gov/catdir/enhancements/fy1413/2014427829-d.html</a>
856 41 - ELECTRONIC LOCATION AND ACCESS
Materials specified Table of contents only
Uniform Resource Identifier <a href="http://www.loc.gov/catdir/enhancements/fy1413/2014427829-t.html">http://www.loc.gov/catdir/enhancements/fy1413/2014427829-t.html</a>
906 ## - LOCAL DATA ELEMENT F, LDF (RLIN)
a 7
b cbc
c orignew
d 2
e ncip
f 20
g y-gencatlg
942 ## - ADDED ENTRY ELEMENTS (KOHA)
Source of classification or shelving scheme
Koha item type Book
Holdings
Withdrawn status Lost status Source of classification or shelving scheme Damaged status Not for loan Collection code Permanent Location Current Location Shelving location Date acquired Source of acquisition Cost, normal purchase price Total Checkouts Full call number Barcode Date last seen Price effective from Koha item type
            US-Pakistan Center for Advanced Studies in Energy (USPCAS-E) US-Pakistan Center for Advanced Studies in Energy (USPCAS-E)   01/11/2016 Golden 7538.00   523.7 FOU-S 2013 CAS-E0001337 01/11/2016 01/11/2016 Book
© 2023 Central Library, National University of Sciences and Technology. All Rights Reserved.